000 01562nam a22004094a 4500
001 ebr10167438
003 CaPaEBR
006 m u
007 cr cn|||||||||
008 060428s2007 nyua sb 001 0 eng
010 _z 2006044820
015 _aGBA676487
_2bnb
016 7 _z013547231
_2Uk
020 _z1403975604 (alk. paper)
020 _z1403975655 (alk. paper)
020 _z9781403975607 (alk. paper)
020 _z9781403975652 (alk. paper)
040 _aCaPaEBR
_cCaPaEBR
035 _a(OCoLC)182530147
043 _ae-it---
050 1 4 _aPN1993.5.I88
_bC45 2007eb
082 0 4 _a791.430945
_222
100 1 _aCelli, Carlo,
_d1963-
245 1 2 _aA new guide to Italian cinema
_h[electronic resource] /
_cCarlo Celli and Marga Cottino-Jones.
250 _a1st ed.
260 _aNew York :
_bPalgrave Macmillan,
_c2007.
300 _axiv, 234 p. :
_bill.
490 1 _aItalian and Italian American studies
504 _aIncludes bibliographical references (p. [217]-223) and index.
533 _aElectronic reproduction.
_bPalo Alto, Calif. :
_cebrary,
_d2013.
_nAvailable via World Wide Web.
_nAccess may be limited to ebrary affiliated libraries.
650 0 _aMotion pictures
_zItaly
_xHistory.
655 7 _aElectronic books.
_2local
700 1 _aCottino-Jones, Marga.
710 2 _aebrary, Inc.
830 0 _aItalian and Italian American studies (Palgrave Macmillan (Firm))
856 4 0 _uhttp://site.ebrary.com/lib/rucke/Doc?id=10167438
_zAn electronic book accessible through the World Wide Web; click to view
999 _c246959
_d246959